000 00717nam a2200253Ia 4500
003 OSt
005 20221005045454.0
006 a|||||r|||| 00| 0
007 ta
008 221004b |||||||| |||| 00| 0 ben d
020 _a8172154062 (hbk)
024 _a22704
037 _bGift, 09/10/2015,
_cTextual
040 _aCRL
_cCRL
_bben
041 _2ben
_aben
082 _aO157,3N42,MN, N5
100 _aMajumdar Samaresh
_9187817
245 0 _aMacksaheber natni
260 _aKolkata
_bAanada Publishers India
_c1995
300 _a148p.
_ccm.
650 _aBENGALI LITERATURE
942 _hO157,3N42,MN, N5
_cTEXL
_2cc
999 _c955091
_d955091